000
00210 a2200097 4500
001
55256
100
_a
245
_a
Modern essays
260
_a
New Delhi
_b
AA PUBLISHERS
_c
2005
090
_c
34218
_d
34218
942
_a
NUST-CAE
_c
MONOGRAPH
_c
26912
999
_c
290329
_d
290329